Polish Language - Grammatical Cases - Statistics

General Stats
  • This quiz has been taken 66 times
  • The average score is 5 of 7
Answer Stats
Answer % Correct
Nominative
90%
Accusative
80%
Dative
80%
Genitive
80%
Locative
68%
Vocative
64%
Instrumental
58%
No matching quizzes found
Score Distribution
Percent of People with Each Score
Percentile by Number Answered
Your Score History
You have not taken this quiz